[Event "Vinkovci"]
[Site "Vinkovci"]
[Date "1993.??.??"]
[Round "9"]
[White "Lisenko, Alexander V"]
[Black "Muse, Mladen"]
[Result "1-0"]
[WhiteElo "2410"]
[BlackElo "2485"]

1.c4 Nf6 2.Nf3 g6 3.g3 Bg7 4.Bg2 O-O 5.d4 d6 6.O-O c6 7.Nc3 Qa5 8.e4 Bg4
9.h3 Bxf3 10.Bxf3 Nfd7 11.Be3 a6 12.a3 c5 13.b4 Qd8 14.Rc1 Nc6 15.bxc5 dxc5
16.dxc5 Nde5 17.Nd5 Nxf3+ 18.Qxf3 Qa5 19.Rb1 Qxa3 20.Rxb7 Rfe8 21.Rfb1 Rac8
22.Qd1 e6 23.Qf3 Ne5 24.Nf6+ Kh8 25.Qf4 Qc3 26.Nxe8 g5 27.Bd2 Qc2 28.Qe3 Nxc4
29.Qb3 Qxe4 30.Bc3 Be5 31.Nd6 Nxd6 32.Bxe5+ Qxe5 33.cxd6 Qxd6 34.Rb8  1-0

[Event "Wattens op"]
[Site "Wattens"]
[Date "1993.??.??"]
[Round "?"]
[White "Schwartzman, Gabriel"]
[Black "Foisor, Cristina Adela B"]
[Result "0-1"]
[WhiteElo "2480"]
[BlackElo "2360"]

1.c4 Nf6 2.Nf3 g6 3.g3 Bg7 4.Bg2 O-O 5.O-O c6 6.d4 d6 7.Nc3 Bf5 8.b3 Ne4
9.Bb2 Nxc3 10.Bxc3 Be4 11.Qd2 Nd7 12.Qe3 Nf6 13.Bh3 Bxf3 14.Qxf3 d5 15.Qd3 Ne4
16.Bb2 e6 17.Bg2 f5 18.Rad1 Rf7 19.Qc2 Nd6 20.e3 g5 21.f3 b5 22.cxb5 cxb5
23.Rc1 Rc8 24.Qd2 Rfc7 25.Ba3 Nb7 26.Rxc7 Rxc7 27.Rc1 a5 28.Bf1 b4 29.Bb2 Nd6
30.a3 Rxc1 31.Qxc1 Qb6 32.axb4 axb4 33.Qa1 h5 34.Qa4 Qb7 35.Ba6 Qa8 36.Qa5 Bf8
37.Qb6 g4 38.fxg4 hxg4 39.Bc1 Kf7 40.Bd2 Ne4 41.Be1 Ng5 42.Kf2 Be7 43.Kg2 Qh8
44.Qc7 Qh3+ 45.Kf2 Qxh2+ 46.Kf1 Ne4 47.Qf4 Bd6  0-1

[Event "Wattens op"]
[Site "Wattens"]
[Date "1993.??.??"]
[Round "?"]
[White "Mednis, Edmar John"]
[Black "Cosma, Ioan"]
[Result "1/2-1/2"]
[WhiteElo "2440"]
[BlackElo "2400"]

1.c4 Nf6 2.g3 g6 3.Bg2 Bg7 4.Nf3 O-O 5.O-O d6 6.d4 Nc6 7.Nc3 a6 8.h3 Rb8
9.e4 b5 10.e5 dxe5 11.dxe5 Qxd1 12.Rxd1 Nd7 13.e6 fxe6 14.cxb5 axb5 15.Bf4 Nde5
16.Nxe5 Nxe5 17.Rac1 Bb7 18.Ne4 Nf3+ 19.Bxf3 e5 20.Be3 Rxf3 21.Ng5 Bf6 22.Nxf3 Bxf3
23.Rd7 c6 24.b3 Kf7 25.Rc7 Bd5 26.R1xc6 Bxc6 27.Rxc6 Ra8 28.Rc2 e4 29.Kf1 Ke6
30.Ke2 Kd5 31.Rd2+ Kc6 32.Kd1 Bc3 33.Rc2 b4 34.Ke2 Kd5 35.Bd2 Kd4 36.a4 e5
37.Bg5 h5 38.Rc1 Kd5 39.Be7 Ra7 40.Rd1+ Bd4 41.Bxb4 Rb7 42.Bd2 Rxb3 43.a5 Rb2
44.Kf1 Ra2 45.Be1 Ke6 46.Rd2 Ra1 47.Re2 Bc3 48.Rxe4 Kd5 49.f3 Bxa5 50.g4 h4
51.Kf2 Ra2+ 52.Re2 Bxe1+ 53.Kxe1 Rxe2+ 54.Kxe2 Kd4 55.g5 Kc5  1/2-1/2

[Event "Wattens op"]
[Site "Wattens"]
[Date "1993.??.??"]
[Round "?"]
[White "Schwartzman, Gabriel"]
[Black "Foisor, Ovidiu"]
[Result "1/2-1/2"]
[WhiteElo "2480"]
[BlackElo "2425"]

1.c4 Nf6 2.Nf3 g6 3.g3 Bg7 4.Bg2 O-O 5.Nc3 c6 6.d4 d6 7.O-O Bf5 8.Nh4 Be6
9.d5 cxd5 10.cxd5 Bd7 11.Be3 Qa5 12.Bd4 Na6 13.Re1 Nc7 14.e4 Nb5 15.Nxb5 Bxb5
16.f4 Rfd8 17.Nf3 Rac8 18.a4 Be8 19.Qb3 Rc7 20.h3 Nd7  1/2-1/2

[Event "Wattens op"]
[Site "Wattens"]
[Date "1993.??.??"]
[Round "?"]
[White "Schwartzman, Gabriel"]
[Black "Pilz, Dieter"]
[Result "1-0"]
[WhiteElo "2480"]
[BlackElo "2260"]

1.c4 Nf6 2.Nf3 g6 3.g3 Bg7 4.Bg2 O-O 5.d4 c5 6.O-O cxd4 7.Nxd4 Nc6 8.Nc3 Nxd4
9.Qxd4 d6 10.Qd3 a6 11.Bd2 Rb8 12.a4 Be6 13.Rac1 Nd7 14.b3 Ne5 15.Qb1 Qd7
16.Nd5 Bxd5 17.cxd5 Rfc8 18.h3 f5 19.Kh2 Rxc1 20.Rxc1 Rc8 21.Rc2 Nf7 22.Qc1 Rxc2
23.Qxc2 Bh6 24.Bb4 Bg7 25.Ba3 Be5 26.e3 Bf6 27.f4 Qd8 28.b4 Qb6 29.Qc1 Kg7
30.Bf1 h5 31.Bd3 h4 32.gxh4 Bxh4 33.a5 Qd8 34.Qc2 Bf6 35.Bc1 Qh8 36.Kg2 Qh4
37.Bd2 g5 38.Qd1 gxf4 39.exf4 Qh7 40.Kh2 Nh6 41.Be2 Qg8 42.Be3 Kh7 43.Bc4 Qc8
44.Qd3 Qe8 45.Qc2 Qh5 46.Be2 Qf7 47.Qc4 Qe8 48.Bd1 Bh4 49.Bd4 Qg8 50.Qb3 Qg6
51.Qc3 Qg8 52.Qf3 Qg6 53.Ba4 Bf6 54.Bf2 Qg8 55.Bd7 Qd8 56.Be6 Qc7 57.Qd3 Kg6
58.Be1 Qc1 59.Bd2 Qc7 60.Kg2 Bg7 61.h4 Bf6 62.Qg3+ Kh5 63.Qf3+ Kg6 64.h5+ Kh7
65.Qg3 Bg7 66.Qg6+ Kh8 67.Qe8+ Kh7 68.Qc8  1-0

[Event "Wattens op"]
[Site "Wattens"]
[Date "1993.??.??"]
[Round "?"]
[White "Foisor, Cristina Adela B"]
[Black "Istratescu, Andrei"]
[Result "1-0"]
[WhiteElo "2360"]
[BlackElo "2505"]

1.c4 Nf6 2.Nf3 g6 3.g3 Bg7 4.Bg2 O-O 5.O-O d6 6.Nc3 e5 7.d3 h6 8.Rb1 a5 9.a3 Nc6
10.b4 axb4 11.axb4 Be6 12.Nd2 d5 13.b5 Ne7 14.Bb2 d4 15.Na4 b6 16.Bxa8 Qxa8
17.Nf3 Bh3 18.Re1 g5 19.Ra1 Qb7 20.Ba3 Nf5 21.c5 Qd5 22.cxb6 Rc8 23.Rc1 g4
24.Rxc7 Rb8 25.Qc2 Kh7 26.Rc8 Rb7 27.Ng5+ hxg5 28.Qc6 Qb3 29.Qxb7 Qxa3 30.Qa8 Qb4
31.Rec1 Ne3 32.Nc3 dxc3 33.fxe3 e4 34.R8xc3 exd3 35.Rxd3 Ne4 36.Qd5 Kg6 37.b7 Nf6
38.Qc6  1-0

[Event "Werfen"]
[Site "Werfen"]
[Date "1993.??.??"]
[Round "1"]
[White "Neckar, Lubomir"]
[Black "Hardicsay, Peter"]
[Result "1/2-1/2"]
[WhiteElo "2360"]
[BlackElo "2360"]

1.Nf3 Nf6 2.c4 g6 3.g3 Bg7 4.Bg2 O-O 5.d4 d6 6.Nc3 Nc6 7.O-O e5 8.d5 Ne7
9.e4 h6 10.Ne1 g5 11.Nd3 Ng6 12.c5 dxc5 13.Nxc5 b6 14.Nd3 Ba6 15.Re1 c5 16.Bf1 Ne8
17.Nxe5 Nxe5 18.Bxa6 c4 19.f4 Nd3 20.Bxc4 Nxe1 21.Qxe1 gxf4 22.gxf4 Rc8 23.Bd3 f6
24.Be3 Nd6 25.Bd4 Rc7 26.Qf2 Qe8 27.Kh1 Qh5 28.Rg1 Kh8 29.Qg3 Re7 30.Be2 Qe8
31.Bd3  1/2-1/2

[Event "Wijk op"]
[Site "Wijk aan Zee"]
[Date "1993.??.??"]
[Round "8"]
[White "Rotstein, Arkadij"]
[Black "Reinderman, Dimitri"]
[Result "0-1"]
[WhiteElo "2465"]
[BlackElo "2415"]

1.Nf3 Nf6 2.c4 g6 3.g3 Bg7 4.Bg2 O-O 5.Nc3 d6 6.O-O Nc6 7.d3 h6 8.Rb1 a5
9.a3 e5 10.b4 axb4 11.axb4 Be6 12.Nd2 d5 13.b5 Ne7 14.Qb3 Re8 15.Rd1 Kh7
16.Ba3 Nf5 17.Nf3 c6 18.bxc6 bxc6 19.e4 Nd4 20.Nxd4 exd4 21.Ne2 dxe4 22.dxe4 Bg4
23.Rxd4 Qa5 24.Bb4 Qa7 25.Rd2 Nxe4 26.Bxe4 Rxe4 27.Nc3 Ree8 28.Bd6 Qa5 29.Bb4 Qf5
30.Rc1 Bf3 31.Nb1 Rab8 32.Qa3 Rxb4  0-1

[Event "Zalaegerszeg"]
[Site "Zalaegerszeg"]
[Date "1993.??.??"]
[Round "8"]
[White "Karsa, Laszlo"]
[Black "Singer, Richard"]
[Result "1-0"]
[WhiteElo "2410"]
[BlackElo "2210"]

1.Nf3 Nf6 2.g3 g6 3.Bg2 Bg7 4.c4 O-O 5.Nc3 d6 6.O-O Nc6 7.d3 e5 8.Bg5 h6
9.Bxf6 Bxf6 10.Rb1 Bg4 11.Nd2 Qd7 12.Re1 Bg7 13.Qa4 Be6 14.Nd5 Kh7 15.b4 a5
16.b5 Nd4 17.e3 Nf5 18.Nc3 Rfb8 19.Qc2 Ne7 20.Na4 Qd8 21.Rb3 h5 22.Ne4 Nf5
23.Nec3 h4 24.Nd5 b6 25.Qe2 Rc8 26.Nac3 Rab8 27.Ne4 Nh6 28.Nd2 Bg4 29.Qf1 Bf5
30.Bh3 Kh8 31.Bxf5 Nxf5 32.Qh3 Nh6 33.gxh4 Nf5 34.Nf3 Bf6 35.e4 Ng7 36.Qg4 Qg8
37.Nxf6  1-0

[Event "Zaragoza op"]
[Site "Zaragoza"]
[Date "1993.??.??"]
[Round "?"]
[White "Foisor, Cristina Adela B"]
[Black "San Segundo, Pablo"]
[Result "1-0"]
[WhiteElo "2360"]
[BlackElo "2440"]

1.c4 Nf6 2.Nf3 g6 3.g3 Bg7 4.Bg2 O-O 5.O-O d6 6.Nc3 e5 7.d3 h6 8.Rb1 a5 9.a3 Nc6
10.b4 axb4 11.axb4 Be6 12.b5 Ne7 13.Bb2 Qd7 14.Nd2 Rab8 15.Ra1 Bh3 16.e4 Nh5
17.f3 Bxg2 18.Kxg2 f5 19.Qb3 Kh7 20.Nd5 c5 21.Ra7 Nf6 22.Rfa1 h5 23.Nxf6+ Bxf6
24.Rf1 h4 25.Qd1 Kg7 26.g4 fxg4 27.fxg4 h3+ 28.Kxh3 Bg5 29.Rxf8 Rxf8 30.Nf1 Ng8
31.Kg2 Bh4 32.Ng3 Nh6 33.h3 Qf7 34.Nh1 Bg5 35.Qe2 Qe7 36.Bc3 Nf7 37.Ra1 Nd8
38.Rf1 Bf4 39.Qe1 Ne6 40.Ng3 Rh8 41.Nf5+ gxf5 42.exf5 Ng5 43.Rxf4 Kf6 44.h4 Qh7
45.h5 Ra8 46.Rf2 Ra3 47.Qc1 Rxc3 48.Qxc3 b6 49.Qc1 Qa7 50.Kg3 Qa8 51.Kh4  1-0

[Event "Zuerich op"]
[Site "Zuerich"]
[Date "1993.??.??"]
[Round "?"]
[White "Preiss, Martin"]
[Black "Sutter, Oliver"]
[Result "1-0"]
[WhiteElo "2235"]
[BlackElo "2265"]

1.Nf3 Nf6 2.g3 g6 3.Bg2 Bg7 4.c4 O-O 5.Nc3 d6 6.O-O Nc6 7.d3 e5 8.Rb1 h6
9.b4 Be6 10.b5 Ne7 11.Nd2 Qc8 12.Re1 Bh3 13.Bh1 Ng4 14.Qb3 Kh7 15.Ba3 f5
16.c5 f4 17.Nf3 Qd8 18.cxd6 cxd6 19.Ne4 Nf5 20.Qd5 Qb6 21.gxf4 Rad8 22.fxe5 Nfe3
23.Qd4 Qxd4 24.Nxd4 Bxe5 25.Nf3 Rxf3 26.Bxf3 Bxh2+ 27.Kh1  1-0

[Event "Alcobendas op"]
[Site "Alcobendas"]
[Date "1994.??.??"]
[Round "3"]
[White "Mayer, Rene"]
[Black "Barlov, Dragan"]
[Result "1/2-1/2"]
[WhiteElo "2205"]
[BlackElo "2475"]

1.c4 Nf6 2.Nf3 g6 3.g3 Bg7 4.Bg2 O-O 5.O-O d6 6.d4 c6 7.Nc3 Qa5 8.Qd3 e5
9.Bd2 Qc7 10.c5 exd4 11.cxd6 Qxd6 12.Qxd4 Qxd4 13.Nxd4 Rd8 14.Nb3 Be6 15.Rfd1 Bxb3
16.axb3 Nbd7 17.Bf4 a6 18.Na4 Nf8 19.Nc5 Re8 20.Kf1 Ra7 21.Nxb7 Rxb7 22.Bxc6 Rxb3
23.Bxe8 Nxe8 24.Rd8 Nf6 25.Rxa6 Rxb2 26.Raa8 h5 27.Bg5 Nh7 28.Be7 Rb7 29.Ba3 f5
30.Ra6 Kf7 31.Rda8 Nd7 32.R8a7 Rxa7 33.Rxa7 Nf6 34.Bb2 Ke6 35.f3 Bf8 36.Ra6+ Kf7
37.Ra7 Bc5 38.Rc7 Bd6 39.Rb7 Ke6 40.Bxf6 Nxf6 41.Rg7 f4 42.Rxg6 Kf5 43.Rg7 Nd5
44.gxf4 Bxf4 45.Rg8 Nf6 46.e4+ Ke5 47.Rg2 h4 48.Ra2 h3 49.Ra5+ Ke6 50.Kg1 Be5
51.Ra8 Nh5 52.Ra6+ Kf7 53.Rh6 Bd4+ 54.Kf1 Nf4 55.Rh4 Be3 56.Rh6 Kg7 57.Ra6 Ng6
58.Ra5 Kh6 59.Rf5 Nh4 60.Rf8 Kg7 61.Rc8 Bf4 62.Rc3 Ng6 63.Kg1 Ne5 64.Ra3 Kf6
65.Kh1 Ng6 66.Ra5 Be5 67.Ra7 Nf4 68.Ra6+ Kg5 69.Ra7 Nd3 70.Rf7 Kg6 71.Rf5 Bf4  1/2-1/2

[Event "Amantea op"]
[Site "Amantea"]
[Date "1994.??.??"]
[Round "?"]
[White "Djuric, Stefan"]
[Black "Miljanic, Boro"]
[Result "1-0"]
[WhiteElo "2480"]
[BlackElo "2385"]

1.Nf3 Nf6 2.c4 g6 3.g3 Bg7 4.Bg2 O-O 5.O-O d6 6.d4 Nbd7 7.Nc3 e5 8.e4 exd4
9.Nxd4 Re8 10.Nc2 Nc5 11.f3 Nfd7 12.Rf2 Ne5 13.Bf1 f5 14.exf5 Bxf5 15.Ne3 Bd3
16.b4 Bxf1 17.Rxf1 Na6 18.Rb1 Nxf3+ 19.Qxf3 Bxc3 20.Ng4 Bd4+ 21.Kg2 Kh8 22.Bh6 Qd7
23.Nf6 Bxf6 24.Qxf6+ Kg8 25.Rbe1  1-0

[Event "Donner mem-A"]
[Site "Amsterdam"]
[Date "1994.??.??"]
[Round "8"]
[White "Van der Sterren, Paul"]
[Black "Xie Jun"]
[Result "0-1"]
[WhiteElo "2605"]
[BlackElo "2515"]

1.Nf3 Nf6 2.c4 g6 3.g3 Bg7 4.Bg2 O-O 5.Nc3 d5 6.cxd5 Nxd5 7.O-O Nc6 8.Nxd5 Qxd5
9.d3 Qb5 10.Rb1 a5 11.Be3 a4 12.Qd2 Be6 13.a3 Na5 14.Bh6 Nb3 15.Qe3 Rfd8
16.Bxg7 Kxg7 17.d4 Rd7 18.Qc3 Qa5 19.Rfe1 f6 20.Qxa5 Rxa5 21.Rbd1 Rb5 22.e3 Na5
23.d5 Bf7 24.Rd4 Rxb2 25.Rxa4 Rxd5 26.e4 Rdb5 27.Bf1 Rc5 28.e5 Nc6 29.exf6+ exf6
30.Nd4 b5 31.Nxb5 Rbxb5 32.Bxb5 Rxb5 33.Rc1 Bd5 34.Ra6 Nd4 35.Rxc7+ Kh6 36.f4 Rb2
37.Raa7 Nf3+ 38.Kf1 Bc4+ 39.Rxc4 Nd2+ 40.Ke2 Nxc4+ 41.Kd3 Nd6 42.Rd7 Rb3+
43.Kc2 Rb6 44.a4 Ne4 45.a5 Ra6 46.Rd5 Nd6 47.Kc3 Nb7 48.Kb4 f5 49.Rb5 Nxa5
50.Rxa5 Rxa5 51.Kxa5 g5 52.Kb4 gxf4 53.gxf4 Kh5 54.Kc4 Kg4 55.Kd3 Kf3  0-1

[Event "Aschach op"]
[Site "Aschach"]
[Date "1994.??.??"]
[Round "?"]
[White "Priesner, Andreas"]
[Black "Jusic, Zdenko"]
[Result "0-1"]
[WhiteElo "2135"]
[BlackElo "2345"]

1.c4 Nf6 2.Nf3 g6 3.g3 Bg7 4.Bg2 O-O 5.O-O d6 6.Nc3 Nc6 7.Rb1 e5 8.d3 a5
9.a3 Ng4 10.b4 axb4 11.axb4 f5 12.Nd5 h6 13.e3 Kh7 14.Qc2 Be6 15.Bd2 Ne7
16.Nc3 Rb8 17.b5 g5 18.Ne2 b6 19.Ra1 Qe8 20.Ra7 Rc8 21.Rfa1 e4 22.Nfd4 exd3
23.Qxd3 Ne5 24.Qc2 Bxc4 25.R1a3 Qh5 26.Be1 Rf7 27.Rc3 d5 28.h3 Kh8 29.f4 Nd7
30.Rca3 Rff8 31.Bb4 Nc5 32.Kf2 Qf7 33.Bxc5 bxc5 34.Nb3 Rfd8 35.Nxc5 d4 36.exd4 Rxd4
37.Re3 Bxe2 38.Qxe2 Ng6 39.Ne6 gxf4 40.Nxd4 Bxd4  0-1

[Event "AUT-chT2W 9495"]
[Site "Austria"]
[Date "1994.??.??"]
[Round "?.1"]
[White "Plieger, Josef"]
[Black "Novkovic, Milan"]
[Result "1/2-1/2"]
[WhiteElo "2045"]
[BlackElo "2295"]

1.Nf3 Nf6 2.c4 g6 3.g3 Bg7 4.Bg2 O-O 5.O-O c5 6.Nc3 Nc6 7.d4 cxd4 8.Nxd4 Nxd4
9.Qxd4 d6 10.Qd3 Bf5 11.e4 Be6 12.Nd5 Nxd5 13.cxd5 Bd7 14.Be3 Qa5 15.Rfd1 Rfc8
16.Qd2 Qxd2 17.Rxd2 Rc4 18.f3 a5 19.Bf1 Rb4 20.Rb1 Rc8 21.Bd3 Bb5 22.Bxb5 Rxb5
23.Kf2 Rb4 24.Ke2 Rbc4 25.b3 Rc3 26.Bd4 Bxd4 27.Rxd4 b5 28.Rd3 Rc2+ 29.Rd2  1/2-1/2

[Event "AUT-chT"]
[Site "?"]
[Date "1994.??.??"]
[Round "?"]
[White "Wiedner, Robert"]
[Black "Cigan, Stefan"]
[Result "0-1"]
[WhiteElo "2245"]
[BlackElo "2365"]

1.Nf3 Nf6 2.c4 g6 3.g3 Bg7 4.Bg2 O-O 5.Nc3 c5 6.d4 d6 7.O-O Nc6 8.Qd2 cxd4
9.Nxd4 Nxd4 10.Qxd4 Be6 11.Qd3 Rc8 12.Nd5 Nxd5 13.cxd5 Bf5 14.e4 Bd7 15.Be3 Qa5
16.Qb3 Ba4 17.Qa3 Rc2 18.Rab1 Qa6 19.Rfc1 Rfc8 20.Rxc2 Bxc2 21.Qxa6 bxa6
22.Re1 Bxb2 23.f3 a5 24.Bf1 a4 25.Bxa7 a3 26.Bb5 Ra8 27.Be3 Bb3 28.axb3 a2
29.Ba4 a1=Q 30.Rxa1 Bxa1 31.Kf2 e6 32.Bd2 exd5 33.exd5 Bd4+ 34.Ke2 f6 35.Kd3 Bg1
36.h3 Kf7 37.Kc4 Ke7 38.Bc3 h5 39.Kd3 Bf2 40.g4 hxg4 41.hxg4 Bb6 42.Bb2 Ra5
43.Ke4 Bg1 44.Ba3 f5+ 45.gxf5 gxf5+ 46.Kxf5 Rxd5+ 47.Ke4 Rd4+ 48.Kf5 Be3
49.Bc6 Rf4+ 50.Kg6 Ke6 51.Bb7 d5 52.Bc8+ Ke5 53.Bg4 Rf6+ 54.Kg7 Rb6 55.b4 Bd2
56.Bc8 Bxb4 57.Bb2+ Kf4 58.Bd4 Rc6 59.Bg4 Bc3  0-1

[Event "AUT-chT2S 9394"]
[Site "AUT"]
[Date "1994.??.??"]
[Round "?"]
[White "Egartner, Wolfgang"]
[Black "Zebedin, Wolfgang"]
[Result "1/2-1/2"]
[WhiteElo "2215"]
[BlackElo "2195"]

1.c4 Nf6 2.Nf3 g6 3.g3 Bg7 4.Bg2 O-O 5.O-O d5 6.cxd5 Nxd5 7.d4 Nb6 8.h3 Nc6
9.e3 e5 10.dxe5 Nxe5 11.Nxe5 Bxe5 12.Qc2 Qe7 13.Bd2 c6 14.Bc3 Rd8 15.Bxe5 Qxe5
16.Nc3 Be6 17.Rad1 a5 18.Rxd8+ Rxd8 19.Rd1 Rxd1+ 20.Qxd1 Nc4 21.Qd8+ Kg7
22.Qe7 Nxb2 23.Ne4 Nd3 24.Nd6 Bxa2 25.Ne8+ Kg8 26.Nf6+  1/2-1/2

[Event "Bad Woerishofen op"]
[Site "Bad Woerishofen"]
[Date "1994.??.??"]
[Round "7"]
[White "Cvitan, Ognjen"]
[Black "Dirr, Ulrich"]
[Result "1-0"]
[WhiteElo "2570"]
[BlackElo "2260"]

1.Nf3 Nf6 2.c4 g6 3.g3 Bg7 4.Bg2 O-O 5.O-O d6 6.d4 a6 7.Nc3 Nc6 8.d5 Na5
9.Nd2 c5 10.Qc2 Rb8 11.b3 b5 12.Rb1 e5 13.e4 bxc4 14.bxc4 Bd7 15.Rxb8 Qxb8
16.Bb2 Bh6 17.Ncb1 Nh5 18.Bc3 Qc7 19.Qb2 Nb7 20.Na3 f5 21.Rb1 Bc8 22.exf5 gxf5
23.Qb6 Qe7 24.Re1 Nd8 25.Rxe5 dxe5 26.Qxh6 Nf6 27.Qg5+ Kh8 28.Qe3 Nf7 29.Nb3 Nd7
30.Nc2 Kg8 31.Ne1 Nd6 32.Na5 f4 33.Qe2 fxg3 34.hxg3 Nf5 35.Nc6 Qg7 36.Bh3 Nd4
37.Bxd4 exd4 38.Nd3 Nb6 39.Bxc8 Nxc8 40.Nxc5 a5 41.Ne6 Re8 42.Nxa5 Qf7 43.c5 Ne7
44.d6 Nc6 45.Qg4+ Kh8 46.Nxc6  1-0

[Event "Regionalliga SW9495"]
[Site "Bayern"]
[Date "1994.??.??"]
[Round "1"]
[White "Riemer, Ralf"]
[Black "Kraemer, Stefan"]
[Result "1/2-1/2"]
[WhiteElo "2130"]
[BlackElo "2115"]

1.Nf3 Nf6 2.c4 g6 3.g3 Bg7 4.Bg2 O-O 5.O-O d6 6.Nc3 Nc6 7.d4 a6 8.b3 Rb8
9.a4 a5 10.Bb2 Bd7 11.d5 Nb4 12.Nd4 c6 13.e4 Ng4 14.Na2 c5 15.Nxb4 axb4 16.Ne6 fxe6
17.Bxg7 Kxg7 18.Qxg4 exd5 19.Qe2 dxc4 20.Qxc4 b5 21.Qd5 bxa4 22.bxa4 Qc7
23.e5 Rb6 24.a5 Ra6 25.Rfe1 Bc6 26.Qd3 Ra7 27.exd6 exd6 28.Bxc6 Qxc6 29.Re6 Rf6
30.Rae1 Rxe6 31.Rxe6 Rxa5 32.Qd1 Qa8 33.Re7+ Kf8 34.Qxd6 Ra6 35.Qxc5 Qc6
36.Qxb4 Ra4 37.Rc7+ Rxb4 38.Rxc6 Rb2 39.Rc7 Kg8 40.Kg2 Ra2 41.g4 g5 42.Rc5 h6
43.h4 gxh4 44.Rh5 Kg7 45.Rxh4 Kg6 46.Rh5 Rb2 47.Ra5 Rc2 48.Kg3 Rc3+ 49.f3 Rb3
50.Re5 Ra3 51.Kf4 Kf6 52.Re4 Ra5 53.Rb4 Ra6 54.Rb3 Ra4+ 55.Kg3 Rc4 56.Rb6+ Kg7
57.Re6 Ra4 58.Kf2 Rb4 59.Ke3 Ra4 60.f4 Rb4 61.Re4 Rb3+ 62.Kd4 Kf6 63.f5 Rb4+
64.Kd5 Rb5+ 65.Kd6 h5 66.Re6+ Kf7 67.gxh5 Rxf5 68.h6 Rh5  1/2-1/2

[Event "Regionalliga NW9495"]
[Site "Bayern"]
[Date "1994.??.??"]
[Round "1"]
[White "Golda, Harald"]
[Black "Mittag, Ralf"]
[Result "1/2-1/2"]
[WhiteElo "2155"]
[BlackElo "2115"]

1.c4 Nf6 2.Nf3 g6 3.g3 Bg7 4.Bg2 O-O 5.O-O d5 6.cxd5 Nxd5 7.Nc3 Nxc3 8.dxc3 c6
9.Qc2 Qc7 10.e4 Nd7 11.Be3 b6 12.Rad1 Bb7 13.Bg5 Rfe8 14.Rd2 h6 15.Rfd1 Rad8
16.Be3 Nf6 17.Bf4 Qc8 18.Rxd8 Rxd8 19.Rxd8+ Qxd8 20.e5 Nd5 21.Bd2 e6 22.Qd3 Qc8
23.c4 Ne7 24.Qa3 Qd7 25.Qxa7 Nc8 26.Qa4 Bxe5 27.Nxe5 Qxd2 28.Bxc6 Qe1+ 29.Kg2 Bxc6+
30.Qxc6 Qxe5 31.Qxc8+ Kg7 32.Qc6 Qxb2 33.a4 Qd4 34.Qb5 f5 35.h3 Kf6 36.Qc6 Kg7
37.Qc7+ Kf6 38.Qc8 Qe4+ 39.Kh2 Kg7 40.Qc7+  1/2-1/2

[Event "Regionalliga SW9495"]
[Site "Bayern"]
[Date "1994.??.??"]
[Round "5"]
[White "Tibitanzl, Thomas"]
[Black "Voss, Armin"]
[Result "1-0"]
[WhiteElo "1955"]
[BlackElo "1995"]

1.Nf3 Nf6 2.c4 g6 3.g3 Bg7 4.Bg2 O-O 5.O-O d5 6.cxd5 Nxd5 7.Nc3 c6 8.d4 Nxc3
9.bxc3 Nd7 10.Qb3 e5 11.Ba3 Re8 12.Rfd1 e4 13.Nd2 Nf6 14.e3 Bg4 15.Rdb1 b6
16.Qc2 Bf5 17.Nc4 Bf8 18.Bxf8 Kxf8 19.Qa4 Qc7 20.Qb4+ c5 21.dxc5 Nd5 22.cxb6+ Nxb4
23.bxc7 Nc2 24.Nd6 Rac8 25.Nxc8 Rxc8 26.Rb8 Nxa1 27.Bxe4 Ke7 28.Rxc8 Bxc8
29.Kf1 Kd6 30.Ke1 Kxc7 31.Kd2 Kd6 32.Kc1 Kc5 33.Bd3 Bf5 34.e4 Be6 35.Kb2 Bc4
36.Bb1 Be2 37.Kxa1 Kc4 38.Kb2 Bf3 39.a4 f6 40.Bc2 g5 41.e5 fxe5 42.Bxh7 g4
43.Kc2 Bc6 44.Bg8+ Bd5 45.Bxd5+ Kxd5 46.Kd3 a5 47.f4 gxf3 48.Ke3 e4 49.h4 Ke5
50.g4 Kd5 51.h5 Ke5 52.h6  1-0

[Event "Oberliga Bayern9495"]
[Site "Bayern"]
[Date "1994.??.??"]
[Round "6"]
[White "Pohl Kuemmel, Jens Uwe"]
[Black "Riefner, Edwin"]
[Result "1/2-1/2"]
[WhiteElo "2265"]
[BlackElo "2230"]

1.Nf3 Nf6 2.c4 g6 3.g3 Bg7 4.Bg2 O-O 5.d4 d5 6.cxd5 Nxd5 7.O-O c6 8.Nbd2 Nd7
9.e4 Nc7 10.Re1 e5 11.dxe5 Nxe5 12.Nxe5 Bxe5 13.Nc4 Bd4 14.Bf4 Ne6 15.Bd6 Re8
16.e5 f6 17.exf6 Qxf6 18.Qf3 Qxf3 19.Bxf3 Ng7 20.Rxe8+ Nxe8 21.Be5 Bxe5 22.Nxe5 Nf6
23.Rd1 Be6 24.a3 Bd5 25.Bxd5+ Nxd5 26.Nc4 Re8 27.Rd2  1/2-1/2

[Event "Bern op"]
[Site "Bern"]
[Date "1994.??.??"]
[Round "4"]
[White "Hohler, Peter"]
[Black "Gallagher, Joseph G"]
[Result "0-1"]
[WhiteElo "2245"]
[BlackElo "2485"]

1.Nf3 Nf6 2.c4 g6 3.g3 Bg7 4.Bg2 O-O 5.O-O d6 6.d4 Nbd7 7.Nc3 e5 8.e4 exd4
9.Nxd4 Re8 10.h3 a6 11.Re1 Rb8 12.Be3 Ne5 13.b3 c5 14.Nde2 b5 15.f4 Ned7
16.Qxd6 b4 17.e5 bxc3 18.exf6 Rxe3 19.fxg7 Rb6 20.Qd1 Rbe6 21.Rc1 Qf6 22.Qc2 Qe7
23.Kf2 Nf6 24.Rcd1 Bb7 25.Bd5 Bxd5 26.cxd5 R6e4 27.Rd3 c4 28.Rxe3 Rxe3 29.d6 Qa7
30.Qc1 Ne4+ 31.Kg2 Rxg3+  0-1

[Event "Bern op"]
[Site "Bern"]
[Date "1994.??.??"]
[Round "5"]
[White "Mikhalchishin, Adrian"]
[Black "Zueger, Beat"]
[Result "1/2-1/2"]
[WhiteElo "2530"]
[BlackElo "2425"]

1.Nf3 Nf6 2.c4 g6 3.g3 Bg7 4.Bg2 O-O 5.O-O d6 6.d4 c6 7.Nc3 a6 8.e4 Bg4 9.h3 Bxf3
10.Bxf3 Nbd7 11.Be2 Qb6 12.Be3 Qxb2 13.Na4 Qa3 14.Bc1 Qb4 15.Bd2 Qa3 16.Bc1 Qb4
17.Bd2 Qa3 18.Bc1  1/2-1/2

[Event "GER-ch"]
[Site "Binz"]
[Date "1994.??.??"]
[Round "3"]
[White "Oswald, Hans Joachim"]
[Black "Stoeber, Michael"]
[Result "1-0"]
[WhiteElo "2335"]
[BlackElo "2255"]

1.Nf3 Nf6 2.c4 g6 3.g3 Bg7 4.Bg2 O-O 5.O-O d6 6.Nc3 e5 7.d3 Nc6 8.Rb1 h6
9.b4 Nd4 10.Bb2 c6 11.b5 Be6 12.bxc6 bxc6 13.Nd2 d5 14.e3 Nf5 15.Ne2 Nd7
16.cxd5 cxd5 17.Nb3 h5 18.Ba3 Re8 19.e4 dxe4 20.dxe4 Nd4 21.Nexd4 exd4 22.Nxd4 Bxa2
23.Nc6 Qc7 24.Rc1 Qb7 25.e5 Qa6 26.Bd6 Rac8 27.Nb4 Rxc1 28.Qxc1 Qc4 29.Qa3  1-0

[Event "Brno-C"]
[Site "Brno"]
[Date "1994.??.??"]
[Round "1"]
[White "Guenthner, Oliver"]
[Black "Kalod, Radek"]
[Result "1/2-1/2"]
[WhiteElo "2330"]
[BlackElo "2235"]

1.Nf3 Nf6 2.g3 g6 3.Bg2 Bg7 4.c4 O-O 5.O-O d5 6.cxd5 Nxd5 7.Nc3 Nb6 8.d4 Nc6
9.e3 Re8 10.b3 e5 11.dxe5 Nxe5 12.Nxe5 Bxe5 13.Bb2 c6 14.Qe2 Bf5 15.Rfd1 Qe7
16.Rd2 a5 17.e4 Bxc3 18.Bxc3 Nd5 19.Qc4 Nxc3 20.Qxc3 Be6 21.a3 Red8 22.Rxd8+ Rxd8
23.Bf1 Qc7  1/2-1/2

[Event "Bucharest-A"]
[Site "Bucharest"]
[Date "1994.??.??"]
[Round "?"]
[White "Schwartzman, Gabriel"]
[Black "Istratescu, Andrei"]
[Result "0-1"]
[WhiteElo "2500"]
[BlackElo "2505"]

1.c4 Nf6 2.Nf3 g6 3.g3 Bg7 4.Bg2 O-O 5.O-O Nc6 6.d4 d6 7.Nc3 a6 8.b3 Rb8
9.Nd5 Nh5 10.Bb2 e6 11.Nf4 Nxf4 12.gxf4 b5 13.Rc1 Ne7 14.Qd2 Bb7 15.Rfd1 bxc4
16.Rxc4 Nd5 17.Rdc1 h6 18.e3 f5 19.Ne1 g5 20.Nd3 Kh8 21.Kh1 Rg8 22.fxg5 Qxg5
23.Rg1 Bf6 24.Rcc1 Qh5 25.e4 Rg4 26.exd5 Rh4 27.Qf4 Rxf4 28.Nxf4 Qg4 29.Nxe6 Rg8
30.Rce1 Qh4 31.Re2 Rxg2 32.Kxg2 Bxd5+ 33.Kf1 Qh3+ 34.Ke1 Qd3 35.Bc1 Qc3+
36.Kf1 Qxc1+ 37.Re1 Qc3 38.Rg6 Qh3+ 39.Kg1 Bg5  0-1

[Event "Bucharest-B"]
[Site "Bucharest"]
[Date "1994.??.??"]
[Round "?"]
[White "Bogdan, Dan"]
[Black "Munteanu, Alexandru"]
[Result "1-0"]
[WhiteElo "2290"]
[BlackElo "2325"]

1.c4 Nf6 2.Nf3 g6 3.g3 Bg7 4.Bg2 O-O 5.O-O d5 6.cxd5 Nxd5 7.Nc3 Nc6 8.d4 Nb6
9.d5 Na5 10.Qc2 c6 11.dxc6 Nxc6 12.Rd1 Bd7 13.Be3 Nc4 14.Bc5 b6 15.Nd4 Nxd4
16.Bxd4 e5 17.Bc5 bxc5 18.Bxa8 Qxa8 19.Rxd7 Nb6 20.Rd2 Bh6 21.Rd6 Nc4 22.Rd5 Qc6
23.Ne4 Ne3 24.Qxc5 Qxc5 25.Rxc5 f5 26.Nd6 Ng4 27.h3 Ne3 28.Rxe5 Nc2 29.Rd1 f4
30.Re8 fxg3 31.Rxf8+ Kxf8 32.fxg3 Ke7 33.Ne4 Bg7 34.e3 Nb4 35.a3 Nc6 36.b4 a6
37.Rd5  1-0

[Event "Budapest FS09 IM-B"]
[Site "Budapest"]
[Date "1994.??.??"]
[Round "1"]
[White "Stummer, Anton"]
[Black "Stranjakovitch, Jean"]
[Result "1-0"]
[WhiteElo "2300"]
[BlackElo "2255"]

1.Nf3 Nf6 2.c4 g6 3.g3 Bg7 4.Bg2 O-O 5.O-O d6 6.d4 Nbd7 7.Nc3 e5 8.e4 c6
9.h3 Re8 10.d5 Nc5 11.Re1 a5 12.Qc2 Qe7 13.Be3 Bd7 14.Rad1 Qf8 15.Bxc5 dxc5
16.Qb3 Bc8 17.Na4 Nd7 18.h4 h6 19.Bh3 f5 20.h5 Nf6 21.Nb6 fxe4 22.Bxc8 Raxc8
23.Nd2 Rcd8 24.Nxe4 Nxe4 25.Rxe4 Qf5 26.Qe3 Qxh5 27.Rd2 Bf6 28.Qxc5 Rf8 29.Qxa5 Qh3
30.Qc3 h5 31.Qd3 Bg5 32.Rxe5 Rf5 33.Rxf5 gxf5 34.Re2 h4 35.Qf3 Kg7 36.Re5 Rf8
37.Nd7 Rf7 38.Nc5 Be7 39.Ne6+ Kg8 40.Qh5 Bf6 41.Rxf5  1-0

[Event "Budapest FS11 IM-B"]
[Site "Budapest"]
[Date "1994.??.??"]
[Round "2"]
[White "Zouheir, Issam"]
[Black "Smolovic, Mile"]
[Result "0-1"]
[WhiteElo "2260"]
[BlackElo "2370"]

1.c4 Nf6 2.Nf3 g6 3.g3 Bg7 4.Bg2 O-O 5.O-O d6 6.d4 Nbd7 7.Nc3 e5 8.dxe5 dxe5
9.Qc2 c6 10.Rd1 Qe7 11.e4 Re8 12.h3 Nf8 13.Be3 Nh5 14.Qe2 f5 15.exf5 gxf5
16.Bg5 Qf7 17.Rd6 Ne6 18.Bh4 Nd4 19.Qd1 Be6 20.Ng5 Qg6 21.Nxe6 Rxe6 22.Rxe6 Nxe6
23.Qd7 Qf7 24.Rd1 Nd4 25.Qxf7+ Kxf7 26.Kf1 e4 27.Ne2 c5 28.g4 Bf6 29.Bxf6 Nxf6
30.gxf5 Nxf5 31.Ng3 Nxg3+ 32.fxg3 h5 33.Re1 Re8 34.g4 hxg4 35.hxg4 Kg6 36.Kf2 Kg5
37.Kg3 b6 38.Re3 Re7 39.b3 a6 40.a4 a5 41.Bh1 Rd7 42.Bg2 Nxg4 43.Bh3 Nxe3
44.Bxd7 Nf5+ 45.Kf2 Kf4 46.Be8 Nd4 47.Bh5 Nxb3 48.Ke2 e3 49.Kd3 Nd2 50.Be2 Nf3  0-1